[Event "GRE-chT 44th"]
[Site "Achaia"]
[Date "2016.07.06"]
[Round "3.10"]
[White "Aivazian, Elpida Sofia"]
[Black "Douni, Maria"]
[Result "1/2-1/2"]
[WhiteElo "1444"]
[BlackElo "1612"]
[PlyCount "85"]
[EventDate "2016.07.05"]
[EventType "team-swiss"]
[EventRounds "7"]
[EventCountry "GRE"]
[SourceTitle "CBM 173 Extra"]
[Source "ChessBase"]
[SourceDate "2016.08.29"]
[SourceVersion "1"]
[SourceVersionDate "2016.08.29"]
[SourceQuality "1"]
[WhiteTeam "Alexandroupolis Ethnikos"]
[BlackTeam "Heraklion CN"]
[WhiteTeamCountry "GRE"]
[BlackTeamCountry "GRE"]

1. e4 e5 2. Nf3 Nc6 3. Bb5 Nge7 4. d3 g6 5. c3 a6 6. Ba4 b5 7. Bc2 Bg7 8. 0-0 0-0 9. h3 d6 10. Be3 Bb7 11. Nbd2 Na5 12. Nh2 c5 13. f4 exf4 14. Bxf4 Nec6 15. Nb3 Re8 16. Ng4 g5 17. Bd2 Bc8 18. Ne3 Ne5 19. Nf5 Bxf5 20. Rxf5 h6 21. Nxa5 Qxa5 22. Qh5 Qc7 23. h4 f6 24. Kf2 Qf7 25. Qe2 Qc7 26. Qh5 Rf8 27. Rh1 Qf7 28. Qxf7+ Rxf7 29. hxg5 fxg5 30. Rxf7 Kxf7 31. Rf1 Rf8 32. Kg3+ Ke6 33. Rxf8 Bxf8 34. Kf2 d5 35. exd5+ Kxd5 36. Bb3+ c4 37. dxc4+ bxc4 38. Bc2 Bc5+ 39. Ke2 Bb6 40. Bb1 Ng4 41. Bg6 Ne5 42. Bh7 a5 43. a3 1/2-1/2

[Event "GRE-chT 43rd"]
[Site "Porto Rio"]
[Date "2015.10.11"]
[Round "6.5"]
[White "Douni, Maria"]
[Black "Louka, Marianthi"]
[Result "1-0"]
[WhiteElo "1589"]
[BlackElo "1260"]
[PlyCount "73"]
[EventDate "2015.10.08"]
[EventType "team-swiss"]
[EventRounds "7"]
[EventCountry "GRE"]
[SourceTitle "CBM 168 Extra"]
[Source "ChessBase"]
[SourceDate "2015.10.29"]
[SourceVersion "1"]
[SourceVersionDate "2015.10.29"]
[SourceQuality "1"]
[WhiteTeam "Heraklion"]
[BlackTeam "Kalamata Poseidon"]
[WhiteTeamCountry "GRE"]
[BlackTeamCountry "GRE"]

1. Nf3 Nf6 2. g3 e6 3. Bg2 d5 4. 0-0 Be7 5. d4 0-0 6. c4 Nbd7 7. Nc3 c6 8. cxd5 exd5 9. Bf4 Re8 10. Rc1 b6 11. Ne5 Nxe5 12. dxe5 Nd7 13. e4 dxe4 14. Nxe4 Ba6 15. Re1 Rc8 16. Bh3 Bb4 17. Bxd7 Bxe1 18. Bxe8 Qxd1 19. Rxd1 Rxe8 20. Rxe1 Rd8 21. Nd6 h6 22. h4 Rd7 23. e6 fxe6 24. Rxe6 c5 25. g4 Bd3 26. g5 hxg5 27. hxg5 Kh7 28. Be5 Bg6 29. f4 Bh5 30. f5 Bg4 31. Re8 Bf3 32. Bf4 g6 33. f6 Bd5 34. Be5 Bf7 35. Rf8 Be6 36. f7 Rxf7 37. Rh8# 1-0

[Event "GRE-chT 43rd"]
[Site "Porto Rio"]
[Date "2015.10.10"]
[Round "4.13"]
[White "Douni, Maria"]
[Black "Farantouri, Marina"]
[Result "1-0"]
[WhiteElo "1589"]
[BlackElo "1358"]
[PlyCount "69"]
[EventDate "2015.10.08"]
[EventType "team-swiss"]
[EventRounds "7"]
[EventCountry "GRE"]
[SourceTitle "CBM 168 Extra"]
[Source "ChessBase"]
[SourceDate "2015.10.29"]
[SourceVersion "1"]
[SourceVersionDate "2015.10.29"]
[SourceQuality "1"]
[WhiteTeam "Heraklion"]
[BlackTeam "New Filadelfeias"]
[WhiteTeamCountry "GRE"]
[BlackTeamCountry "GRE"]

1. Nf3 d5 2. g3 Nf6 3. Bg2 c6 4. 0-0 Bg4 5. Ne5 Bh5 6. d3 e6 7. Nc3 Nbd7 8. Nxd7 Qxd7 9. Bf4 Bd6 10. Bxd6 Qxd6 11. Qe1 0-0 12. e4 Nd7 13. f4 f6 14. h3 Be8 15. Qf2 d4 16. Ne2 c5 17. g4 Kh8 18. Ng3 g6 19. h4 g5 20. hxg5 fxg5 21. f5 Ne5 22. Qe2 Bd7 23. Rae1 Rf6 24. Nh5 Rh6 25. Bh3 Rf8 26. Qd2 Nf7 27. e5 Qc7 28. f6 Rg6 29. Qe2 a6 30. Bg2 Bc6 31. Be4 Bxe4 32. Qxe4 b5 33. c3 dxc3 34. bxc3 Rd8 35. Rc1 1-0

[Event "GRE-chT 43rd"]
[Site "Porto Rio"]
[Date "2015.10.09"]
[Round "3.9"]
[White "Douni, Maria"]
[Black "Palioura, Paraskevi"]
[Result "1-0"]
[WhiteElo "1589"]
[BlackElo "1220"]
[PlyCount "97"]
[EventDate "2015.10.08"]
[EventType "team-swiss"]
[EventRounds "7"]
[EventCountry "GRE"]
[SourceTitle "CBM 168 Extra"]
[Source "ChessBase"]
[SourceDate "2015.10.29"]
[SourceVersion "1"]
[SourceVersionDate "2015.10.29"]
[SourceQuality "1"]
[WhiteTeam "Heraklion"]
[BlackTeam "Von Heraklion Contact"]
[WhiteTeamCountry "GRE"]
[BlackTeamCountry "GRE"]

1. Nf3 Nf6 2. g3 e6 3. Bg2 c5 4. 0-0 Be7 5. c4 0-0 6. Nc3 d6 7. d4 cxd4 8. Nxd4 Nbd7 9. Ndb5 Ne5 10. Qb3 a6 11. Na3 Rb8 12. Be3 b6 13. Na4 Ned7 14. Rfd1 Qc7 15. Rac1 Nc5 16. Qc2 Bd7 17. Nc3 Rfc8 18. b4 Nb7 19. Na4 d5 20. Nxb6 Bxb4 21. Nxc8 Bxa3 22. Nb6 Bxc1 23. Rxc1 dxc4 24. Qxc4 Qxc4 25. Rxc4 Bb5 26. Rc2 h6 27. a4 Bd7 28. Nxd7 Nxd7 29. Rc7 Nbc5 30. Bxc5 Nxc5 31. Rxc5 Rb1+ 32. Bf1 Kf8 33. Rc6 a5 34. Rc5 Ke7 35. Rxa5 Ra1 36. Kg2 Kd6 37. e4 f6 38. Bc4 e5 39. Bd5 g5 40. h3 Kc7 41. Ra6 Kb8 42. Rxf6 Rxa4 43. Rxh6 Ra7 44. Rg6 Kc8 45. Rxg5 Re7 46. h4 Kd8 47. h5 Ke8 48. h6 Kf8 49. Rg8# 1-0

[Event "Heraklion Gazi op 11th"]
[Site "Heraklion"]
[Date "2015.07.27"]
[Round "4"]
[White "Poulopoulos, Ioannis"]
[Black "Douni, Maria"]
[Result "1-0"]
[WhiteElo "2133"]
[BlackElo "1689"]
[PlyCount "63"]
[EventDate "2015.07.25"]
[EventType "swiss"]
[EventRounds "9"]
[EventCountry "GRE"]
[SourceTitle "CBM 167 Extra"]
[Source "ChessBase"]
[SourceDate "2015.09.14"]
[SourceVersion "1"]
[SourceVersionDate "2015.09.14"]
[SourceQuality "1"]

1. e4 e5 2. Nf3 Nc6 3. Bb5 Nf6 4. 0-0 Be7 5. d3 d6 6. c3 0-0 7. Re1 Bg4 8. h3 Bxf3 9. Qxf3 a6 10. Ba4 b5 11. Bc2 d5 12. Nd2 d4 13. c4 Nb4 14. Bb1 Nd7 15. a3 Nc6 16. cxb5 axb5 17. Ba2 Nb6 18. b4 Qd6 19. Nf1 Bf6 20. g4 h6 21. Ng3 Ne7 22. Nf5 Nxf5 23. gxf5 Kh7 24. Kh2 Na4 25. Qh5 Qd7 26. Rg1 Nc3 27. Bb3 c5 28. Rg6 c4 29. Rxf6 cxb3 30. Rxh6+ gxh6 31. Qxh6+ Kg8 32. f6 1-0

[Event "Heraklion Gazi op 10th"]
[Site "Heraklion"]
[Date "2014.08.03"]
[Round "6"]
[White "Douni, Maria"]
[Black "Mastrakoulis, Dimitrios"]
[Result "1-0"]
[WhiteElo "1517"]
[BlackElo "1747"]
[PlyCount "71"]
[EventDate "2014.07.30"]
[EventType "swiss"]
[EventRounds "9"]
[EventCountry "GRE"]
[SourceTitle "EXT 2016"]
[Source "ChessBase"]
[SourceDate "2015.10.08"]
[SourceVersion "1"]
[SourceVersionDate "2015.10.08"]
[SourceQuality "1"]

1. Nf3 e6 2. g3 c5 3. Bg2 Nc6 4. d4 d5 5. 0-0 Nf6 6. c4 cxd4 7. Qa4 Bd7 8. cxd5 Nb4 9. Qb3 Nfxd5 10. Nxd4 Qa5 11. Nc3 Nxc3 12. bxc3 Ba4 13. cxb4 Bxb4 14. Qe3 0-0 15. Nb3 Qc7 16. Bd2 Ba3 17. Na5 Bb2 18. Rab1 Bf6 19. Rxb7 Qc2 20. Rc1 Qxa2 21. Bc3 Bxc3 22. Qxc3 e5 23. Rb2 Qe6 24. Bxa8 Rxa8 25. Qc4 Qd7 26. Rb7 Qe8 27. Qc7 a6 28. Nc6 h6 29. Nxe5 Kh7 30. Nxf7 Qf8 31. Qc4 Qe8 32. Qd3+ Kg8 33. Nxh6+ Kh8 34. Qd4 Qg6 35. Nf7+ Kg8 36. Qxa4 1-0

[Event "GRE-chT 42nd"]
[Site "Porto Rio"]
[Date "2014.06.30"]
[Round "4.7"]
[White "Douni, Maria"]
[Black "Avramidou, Anastasia"]
[Result "0-1"]
[WhiteElo "1517"]
[BlackElo "2007"]
[PlyCount "74"]
[EventDate "2014.06.28"]
[EventType "team-swiss"]
[EventRounds "7"]
[EventCountry "GRE"]
[SourceTitle "CBM 161 Extra"]
[Source "ChessBase"]
[SourceDate "2014.08.29"]
[SourceVersion "1"]
[SourceVersionDate "2014.08.29"]
[SourceQuality "1"]
[WhiteTeam "Irakleiou CN"]
[BlackTeam "Peristeriou CP"]
[WhiteTeamCountry "GRE"]
[BlackTeamCountry "GRE"]

1. e4 c5 2. Nf3 e6 3. d4 cxd4 4. Nxd4 Nf6 5. Nc3 d6 6. g4 h6 7. Be3 Nc6 8. Bg2 Nxd4 9. Bxd4 e5 10. Be3 Nxg4 11. Qd2 Nxe3 12. Qxe3 Be6 13. 0-0-0 a6 14. f4 exf4 15. Qxf4 Be7 16. Kb1 Qc7 17. Rhf1 0-0 18. Nd5 Bxd5 19. Rxd5 Rac8 20. Qd2 Qb6 21. Qd4 Qc6 22. Qd3 b5 23. Bh3 Rc7 24. Bf5 Qb6 25. Qg3 a5 26. Rg1 Bf6 27. Rxd6 Qc5 28. Rd2 Be5 29. Qg2 Bf6 30. Rd5 Qb4 31. e5 Bg5 32. Be4 f5 33. exf6 Bxf6 34. c3 Rxc3 35. Qg6 Rg3 36. Qh7+ Kf7 37. Rd7+ Ke8 0-1

[Event "GRE-ch U20 Girls"]
[Site "Thessaloniki"]
[Date "2014.01.07"]
[Round "6"]
[White "Tsolakidou, Stavroula"]
[Black "Douni, Maria"]
[Result "1-0"]
[WhiteElo "2156"]
[BlackElo "1520"]
[PlyCount "37"]
[EventDate "2014.01.02"]
[EventType "tourn"]
[EventRounds "7"]
[EventCountry "GRE"]
[SourceTitle "EXT 2016"]
[Source "ChessBase"]
[SourceDate "2015.10.08"]
[SourceVersion "1"]
[SourceVersionDate "2015.10.08"]
[SourceQuality "1"]

1. e4 e5 2. Nf3 Nc6 3. Bb5 a6 4. Ba4 Nf6 5. 0-0 b5 6. Bb3 Bc5 7. c3 d6 8. d4 Bb6 9. a4 Rb8 10. axb5 axb5 11. Na3 0-0 12. Nxb5 exd4 13. cxd4 Bg4 14. Be3 Re8 15. h3 Bh5 16. Ba4 d5 17. exd5 Nxd5 18. Nc3 Re6 19. Nxd5 1-0

[Event "GRE-ch U20 Girls"]
[Site "Thessaloniki"]
[Date "2014.01.05"]
[Round "4"]
[White "Douni, Maria"]
[Black "Asvestopoulou, Evdokia"]
[Result "0-1"]
[WhiteElo "1520"]
[BlackElo "1651"]
[PlyCount "114"]
[EventDate "2014.01.02"]
[EventType "tourn"]
[EventRounds "7"]
[EventCountry "GRE"]
[SourceTitle "EXT 2016"]
[Source "ChessBase"]
[SourceDate "2015.10.08"]
[SourceVersion "1"]
[SourceVersionDate "2015.10.08"]
[SourceQuality "1"]

1. Nf3 Nf6 2. g3 b6 3. Bg2 Bb7 4. 0-0 e6 5. d4 Be7 6. c4 0-0 7. Nc3 d6 8. Qc2 Nbd7 9. e4 h6 10. Rd1 Qc8 11. d5 e5 12. Nh4 Kh7 13. Nf5 Qd8 14. Ne2 Bc8 15. h3 h5 16. Qd2 Nc5 17. Nxg7 Rh8 18. Nf5 Bxf5 19. exf5 Kg8 20. f4 Rc8 21. b4 Ncd7 22. Bb2 Rh7 23. Qe3 Qe8 24. a3 Rg7 25. fxe5 dxe5 26. Kh2 Bd6 27. Rf1 Qe7 28. Rae1 Kh7 29. Bc1 Kh8 30. Rg1 Rcg8 31. Bh1 a5 32. Bd2 axb4 33. Bxb4 Bxb4 34. axb4 Qxb4 35. Qh6+ Rh7 36. Qc1 Qc5 37. Ref1 Rhg7 38. Qc3 Rg5 39. Nc1 Ra8 40. Qd2 Nh7 41. d6 c6 42. Qg2 Rc8 43. Qa2 Qxd6 44. Qa6 Qc7 45. Nd3 Rcg8 46. Nb4 Nc5 47. Qa3 e4 48. Qe3 h4 49. Bxe4 Rxg3 50. Rxg3 Qxg3+ 51. Qxg3 hxg3+ 52. Kg2 Nxe4 53. Nxc6 Nhf6 54. Ne5 Kg7 55. Rb1 Rb8 56. Ng4 Nd7 57. Kf3 Nd2+ 0-1

[Event "GRE-ch U20 Girls"]
[Site "Thessaloniki"]
[Date "2014.01.03"]
[Round "2"]
[White "Douni, Maria"]
[Black "Androni, Konstantina"]
[Result "0-1"]
[WhiteElo "1520"]
[BlackElo "1922"]
[PlyCount "54"]
[EventDate "2014.01.02"]
[EventType "tourn"]
[EventRounds "7"]
[EventCountry "GRE"]
[SourceTitle "EXT 2016"]
[Source "ChessBase"]
[SourceDate "2015.10.08"]
[SourceVersion "1"]
[SourceVersionDate "2015.10.08"]
[SourceQuality "1"]

1. e4 c5 2. Nf3 d6 3. d4 cxd4 4. Nxd4 Nf6 5. Nc3 a6 6. Be3 e6 7. g4 h6 8. h4 e5 9. Nf5 g6 10. Qf3 gxf5 11. exf5 Nc6 12. 0-0-0 Qa5 13. g5 hxg5 14. hxg5 Rxh1 15. Qxh1 Ng4 16. g6 fxg6 17. fxg6 Nxe3 18. fxe3 Bg4 19. Rd5 Qc7 20. Rd2 0-0-0 21. Bc4 Kb8 22. Bf7 Qd7 23. Nd5 Qf5 24. Rh2 Ne7 25. Nxe7 Bxe7 26. Qg1 Bg5 27. Rg2 Bxe3+ 0-1

[Event "GRE-ch U14 Girls"]
[Site "Patras"]
[Date "2013.07.11"]
[Round "6.4"]
[White "Douni, Maria"]
[Black "Lemoni, Maria Ioanna"]
[Result "1-0"]
[WhiteElo "1525"]
[BlackElo "1472"]
[PlyCount "55"]
[EventDate "2013.07.08"]
[EventType "swiss"]
[EventRounds "9"]
[EventCountry "GRE"]
[SourceTitle "EXT 2024"]
[Source "ChessBase"]
[SourceDate "2023.10.10"]
[SourceVersion "1"]
[SourceVersionDate "2023.10.10"]
[SourceQuality "1"]

1. Nf3 c5 2. g3 g6 3. Bg2 Bg7 4. d4 cxd4 5. Nxd4 Nc6 6. Nxc6 bxc6 7. 0-0 Bb7 8. c4 d5 9. Nc3 Nf6 10. Qa4 Qd7 11. Rd1 e6 12. Bf4 0-0 13. Rac1 Rfd8 14. e4 d4 15. Qb4 Nh5 16. e5 Nxf4 17. gxf4 a5 18. Qa3 f5 19. Na4 Bf8 20. c5 Qc7 21. Nb6 Qxb6 22. cxb6 Bxa3 23. bxa3 Ra6 24. Rb1 Rd7 25. Rdc1 c5 26. Rxc5 Bxg2 27. Kxg2 d3 28. b7 1-0

[Event "GRE-ch U14 Girls"]
[Site "Patras"]
[Date "2013.07.10"]
[Round "4.2"]
[White "Kokkota, Eleni"]
[Black "Douni, Maria"]
[Result "0-1"]
[WhiteElo "1484"]
[BlackElo "1525"]
[PlyCount "66"]
[EventDate "2013.07.08"]
[EventType "swiss"]
[EventRounds "9"]
[EventCountry "GRE"]
[SourceTitle "EXT 2024"]
[Source "ChessBase"]
[SourceDate "2023.10.10"]
[SourceVersion "1"]
[SourceVersionDate "2023.10.10"]
[SourceQuality "1"]

1. d4 Nf6 2. Nf3 g6 3. Bg5 Bg7 4. Nbd2 d5 5. e3 0-0 6. c3 c5 7. Bd3 Nc6 8. 0-0 Re8 9. Re1 e5 10. dxe5 Nxe5 11. Nxe5 Rxe5 12. Nf3 Re8 13. Qe2 Bd7 14. Rad1 Bc6 15. Rd2 Qa5 16. Bxf6 Bxf6 17. a3 Rad8 18. Qd1 b5 19. Qa1 d4 20. b4 cxb4 21. cxb4 Qb6 22. Nxd4 Bxd4 23. exd4 Rxe1+ 24. Qxe1 Qxd4 25. Rd1 Qg4 26. g3 Qf3 27. Kf1 Qg2+ 28. Ke2 Re8+ 29. Kd2 Rxe1 30. Rxe1 Qxf2+ 31. Re2 Qd4 32. Re7 Qb2+ 33. Bc2 Qxa3 0-1

[Event "GRE-ch U14 Girls"]
[Site "Patras"]
[Date "2013.07.09"]
[Round "2.4"]
[White "Filoxeni, Danai"]
[Black "Douni, Maria"]
[Result "0-1"]
[WhiteElo "1432"]
[BlackElo "1525"]
[PlyCount "52"]
[EventDate "2013.07.08"]
[EventType "swiss"]
[EventRounds "9"]
[EventCountry "GRE"]
[SourceTitle "EXT 2024"]
[Source "ChessBase"]
[SourceDate "2023.10.10"]
[SourceVersion "1"]
[SourceVersionDate "2023.10.10"]
[SourceQuality "1"]

1. Nf3 Nf6 2. c4 g6 3. Nc3 d5 4. cxd5 Nxd5 5. Qa4+ Nc6 6. Ne5 Bd7 7. Nxd5 Nxe5 8. Qf4 Bg7 9. d4 Be6 10. Nb4 Nc4 11. e3 c5 12. Bxc4 Bxc4 13. dxc5 Bb5 14. e4 e6 15. Qd2 0-0 16. Qxd8 Rfxd8 17. Be3 Bxb2 18. Rd1 a5 19. Rxd8+ Rxd8 20. Bd2 axb4 21. Bxb4 Rd4 22. Bd2 Rxe4+ 23. Be3 Bc3+ 24. Kd1 Rc4 25. h4 Bb4 26. Bd2 Rd4 0-1

[Event "Attica-ch U14 Girls 13"]
[Site "Athens"]
[Date "2012.12.29"]
[Round "6.1"]
[White "Lemoni, Maria Ioanna"]
[Black "Douni, Maria"]
[Result "0-1"]
[WhiteElo "1454"]
[BlackElo "1563"]
[PlyCount "92"]
[EventDate "2012.12.22"]
[EventType "swiss"]
[EventRounds "7"]
[EventCountry "GRE"]
[SourceTitle "EXT 2024"]
[Source "ChessBase"]
[SourceDate "2023.10.10"]
[SourceVersion "1"]
[SourceVersionDate "2023.10.10"]
[SourceQuality "1"]

1. c4 Nf6 2. Nc3 d5 3. cxd5 Nxd5 4. g3 g6 5. Bg2 Nxc3 6. bxc3 Bg7 7. Rb1 Nd7 8. f4 0-0 9. Nf3 c5 10. 0-0 Qc7 11. Bb2 c4 12. Qe1 Qa5 13. d4 cxd3 14. exd3 e6 15. Ra1 Nc5 16. d4 Na4 17. Rf2 Rd8 18. Ne5 Nb6 19. Bf1 Qa4 20. Bd3 Bd7 21. Bc2 Qa5 22. Bb3 Rac8 23. Rc1 Ba4 24. Qd1 Be8 25. c4 f6 26. Bc3 Qa3 27. Bb2 Qe7 28. Nf3 Bc6 29. Qe2 Bxf3 30. Rxf3 f5 31. Rd3 Na8 32. Ba4 Nb6 33. Bb3 Rc7 34. c5 Nd5 35. Ba3 Qe8 36. Re1 Kf7 37. Bb2 Qc6 38. Bc4 b6 39. a4 bxc5 40. Bb5 Qd6 41. dxc5 Qxc5+ 42. Kh1 Bxb2 43. Qxe6+ Kf8 44. Red1 Re7 45. Qc6 Qf2 46. Rxd5 Re1+ 0-1

[Event "Attica-ch U14 Girls 13"]
[Site "Athens"]
[Date "2012.12.28"]
[Round "5.2"]
[White "Douni, Maria"]
[Black "Psofimi, Milia"]
[Result "1-0"]
[WhiteElo "1563"]
[BlackElo "1445"]
[PlyCount "73"]
[EventDate "2012.12.22"]
[EventType "swiss"]
[EventRounds "7"]
[EventCountry "GRE"]
[SourceTitle "EXT 2024"]
[Source "ChessBase"]
[SourceDate "2023.10.10"]
[SourceVersion "1"]
[SourceVersionDate "2023.10.10"]
[SourceQuality "1"]

1. e4 e5 2. f4 exf4 3. Bc4 Qh4+ 4. Kf1 d6 5. Nf3 Qe7 6. d3 g5 7. h4 f6 8. hxg5 fxg5 9. Nd4 h6 10. Qh5+ Kd8 11. Qg6 Qf6 12. Qxf6+ Nxf6 13. Ne6+ Bxe6 14. Bxe6 Nc6 15. c3 Ne5 16. Ke2 Ke7 17. Bf5 d5 18. exd5 Nxd5 19. Be4 c6 20. Na3 Ke6 21. g3 fxg3 22. Nc2 Nf4+ 23. Bxf4 gxf4 24. Nd4+ Kf6 25. Raf1 c5 26. Rxf4+ Kg7 27. Ne6+ Kg8 28. Rg1 Nf7 29. Rxg3+ Ng5 30. Nxg5 hxg5 31. Rxg5+ Bg7 32. Rfg4 Rh2+ 33. Kd1 Rf8 34. Rxg7+ Kh8 35. Rg2 Rf1+ 36. Ke2 Rhh1 37. Rg8# 1-0

[Event "Anogia op 1st"]
[Site "Anogia"]
[Date "2012.08.02"]
[Round "5"]
[White "Bahar Mosse, Iakov"]
[Black "Douni, Maria"]
[Result "1/2-1/2"]
[WhiteElo "1918"]
[BlackElo "1576"]
[PlyCount "159"]
[EventDate "2012.07.30"]
[EventType "swiss"]
[EventRounds "7"]
[EventCountry "GRE"]
[SourceTitle "EXT 2013"]
[Source "ChessBase"]
[SourceDate "2012.11.22"]
[SourceVersion "1"]
[SourceVersionDate "2012.11.22"]
[SourceQuality "1"]

1. Nf3 Nf6 2. g3 g6 3. Bg2 Bg7 4. 0-0 0-0 5. d3 d5 6. Nbd2 Nc6 7. e4 dxe4 8. dxe4 e5 9. h3 b6 10. Qe2 Bb7 11. c3 Qe7 12. b3 a5 13. Bb2 Ba6 14. c4 Nd7 15. Rfe1 Nc5 16. Ba3 Nb4 17. Nf1 Bb7 18. N3h2 Rad8 19. Red1 Rxd1 20. Rxd1 Rd8 21. Bxb4 axb4 22. f3 Rxd1 23. Qxd1 Ne6 24. Ng4 Qc5+ 25. Kh2 Nd4 26. Nge3 c6 27. Nc2 Bc8 28. Nxd4 Qxd4 29. Qxd4 exd4 30. f4 f6 31. Bf3 Kf7 32. Be2 Ke7 33. Nd2 Kd6 34. Kg2 c5 35. Bd3 Bb7 36. Kf2 Bh6 37. Nf3 Bg7 38. h4 h6 39. g4 Ke6 40. Kg3 Bc6 41. h5 g5 42. Nd2 Bb7 43. Kf3 Bc6 44. Nf1 Bd7 45. Ng3 Kd6 46. e5+ fxe5 47. fxg5 hxg5 48. Ne4+ Ke7 49. Nxg5 Bh6 50. Nh3 Kf6 51. Be4 Bc8 52. Kg3 Bg5 53. Bd5 Bd7 54. Kf3 Bc8 55. Nf2 Bf4 56. Ne4+ Ke7 57. g5 Bf5 58. Ng3 Bd7 59. g6 Bh6 60. Ne4 Bf5 61. Ng3 Kf6 62. Be4 Bd7 63. Bd5 Bf5 64. Be4 Bd7 65. Bb7 Bf5 66. Bd5 Bc2 67. Be4 Bd1+ 68. Kf2 Bg4 69. Bf3 Bf5 70. Be4 Be6 71. Bd5 Bf5 72. Kf3 Bc2 73. Kg4 Bd1+ 74. Bf3 Bc2 75. Ne4+ Bxe4 76. Bxe4 Ke6 77. Kf3 Kf6 78. Kg4 Bg7 79. Kh4 Bh6 80. Kg4 1/2-1/2

[Event "Anogia op 1st"]
[Site "Anogia"]
[Date "2012.08.01"]
[Round "4"]
[White "Douni, Maria"]
[Black "Koutoulakis, Georgios"]
[Result "1-0"]
[WhiteElo "1576"]
[BlackElo "1190"]
[PlyCount "51"]
[EventDate "2012.07.30"]
[EventType "swiss"]
[EventRounds "7"]
[EventCountry "GRE"]
[SourceTitle "EXT 2013"]
[Source "ChessBase"]
[SourceDate "2012.11.22"]
[SourceVersion "1"]
[SourceVersionDate "2012.11.22"]
[SourceQuality "1"]

1. e4 e5 2. f4 d5 3. exd5 exf4 4. Nf3 Nf6 5. Nc3 Nxd5 6. Bc4 Nxc3 7. bxc3 Bg4 8. 0-0 Be7 9. d4 Bd6 10. Re1+ Kf8 11. h3 Bh5 12. Rb1 b6 13. Qe2 Nd7 14. Qf2 g6 15. Kh1 Kg7 16. Ne5 Re8 17. Nxf7 Rxe1+ 18. Qxe1 Qf6 19. Qe6 Qh4 20. Nxd6 cxd6 21. Qxd7+ Kh8 22. Qxd6 Qe1+ 23. Kh2 Qg3+ 24. Kg1 Qe1+ 25. Bf1 f3 26. Bh6 1-0

[Event "Anogia op 1st"]
[Site "Anogia"]
[Date "2012.07.31"]
[Round "2"]
[White "Douni, Maria"]
[Black "Skembri, Ioanna"]
[Result "1-0"]
[WhiteElo "1576"]
[BlackElo "1015"]
[PlyCount "49"]
[EventDate "2012.07.30"]
[EventType "swiss"]
[EventRounds "7"]
[EventCountry "GRE"]
[SourceTitle "EXT 2013"]
[Source "ChessBase"]
[SourceDate "2012.11.22"]
[SourceVersion "1"]
[SourceVersionDate "2012.11.22"]
[SourceQuality "1"]

1. e4 e5 2. f4 Nc6 3. Nf3 d6 4. Bc4 h6 5. 0-0 Nf6 6. Nc3 Qe7 7. d3 Be6 8. Bb5 Bd7 9. Kh1 a6 10. Ba4 0-0-0 11. a3 Nd4 12. Bxd7+ Rxd7 13. Ne2 Nxf3 14. Rxf3 g6 15. Qf1 Bg7 16. f5 h5 17. Bg5 Bh6 18. Bxf6 Qxf6 19. fxg6 Qxg6 20. Rf6 Qg7 21. Qf2 Rf8 22. Rf1 Bg5 23. Rf5 h4 24. Qa7 c5 25. Rxg5 1-0

[Event "GRE-chT 40th"]
[Site "Achaia"]
[Date "2012.07.04"]
[Round "6.16"]
[White "Papakonstantinou, Georgios"]
[Black "Douni, Maria"]
[Result "0-1"]
[WhiteElo "1330"]
[BlackElo "1574"]
[PlyCount "36"]
[EventDate "2012.06.30"]
[EventType "team-swiss"]
[EventRounds "7"]
[EventCountry "GRE"]
[SourceTitle "CBM 149 Extra"]
[Source "ChessBase"]
[SourceDate "2012.08.24"]
[SourceVersion "1"]
[SourceVersionDate "2012.08.24"]
[SourceQuality "1"]
[WhiteTeam "Amfissa Chess Union"]
[BlackTeam "Pan GA"]
[WhiteTeamCountry "GRE"]
[BlackTeamCountry "GRE"]

1. e4 e5 2. Nf3 Nc6 3. d4 exd4 4. Bc4 Bc5 5. c3 Nf6 6. e5 d5 7. Bb5 Ne4 8. Nxd4 Bd7 9. Bxc6 bxc6 10. Be3 Bb6 11. a4 a5 12. f3 Ng5 13. b4 axb4 14. cxb4 Ne6 15. a5 Nxd4 16. Bxd4 Qh4+ 17. g3 Qxd4 18. Qxd4 Bxd4 0-1

[Event "GRE-chT 40th"]
[Site "Achaia"]
[Date "2012.07.01"]
[Round "3.8"]
[White "Malikentzou, Nafsika"]
[Black "Douni, Maria"]
[Result "1-0"]
[WhiteElo "1613"]
[BlackElo "1574"]
[PlyCount "59"]
[EventDate "2012.06.30"]
[EventType "team-swiss"]
[EventRounds "7"]
[EventCountry "GRE"]
[SourceTitle "CBM 149 Extra"]
[Source "ChessBase"]
[SourceDate "2012.08.24"]
[SourceVersion "1"]
[SourceVersionDate "2012.08.24"]
[SourceQuality "1"]
[WhiteTeam "Heraklion CN"]
[BlackTeam "Pan GA"]
[WhiteTeamCountry "GRE"]
[BlackTeamCountry "GRE"]

1. Nf3 Nf6 2. g3 g6 3. b3 Bg7 4. Bb2 0-0 5. Bg2 d5 6. d4 Nc6 7. 0-0 Re8 8. Nbd2 Bf5 9. c4 Be4 10. cxd5 Bxd5 11. Qc2 Bxf3 12. Nxf3 Nd7 13. Rac1 e5 14. dxe5 Ndxe5 15. Nxe5 Bxe5 16. Bxe5 Rxe5 17. Rfd1 Qe8 18. e3 Re6 19. Qc4 a6 20. Qa4 b5 21. Qf4 Rc8 22. Bh3 f5 23. Bg2 Kg7 24. Bxc6 Rxc6 25. Qd4+ Kh6 26. Qh4+ Kg7 27. Rxc6 Qxc6 28. Qe7+ Kh6 29. Rd7 Kh5 30. Qh4# 1-0

[Event "Aegean op 34th"]
[Site "Aghios Kirykos"]
[Date "2011.07.13"]
[Round "6"]
[White "Xiromeritis, Evangelos"]
[Black "Douni, Maria"]
[Result "0-1"]
[WhiteElo "1865"]
[BlackElo "1538"]
[PlyCount "108"]
[EventDate "2011.07.09"]
[EventType "swiss"]
[EventRounds "9"]
[EventCountry "GRE"]
[SourceTitle "CBM 143 Extra"]
[Source "ChessBase"]
[SourceDate "2011.08.29"]
[SourceVersion "1"]
[SourceVersionDate "2011.08.29"]
[SourceQuality "1"]

1. e3 Nf6 2. f4 d5 3. Nf3 c5 4. Bb5+ Bd7 5. Qe2 a6 6. Bxd7+ Nbxd7 7. b3 b5 8. a4 c4 9. 0-0 e6 10. Bb2 Be7 11. d3 Rc8 12. axb5 axb5 13. Rd1 Qb6 14. Bd4 cxd3 15. cxd3 Bc5 16. b4 Bxd4 17. Nxd4 Qd6 18. Nxb5 Qxb4 19. N1a3 0-0 20. Rab1 Qa4 21. Qd2 Nc5 22. Rb4 Qa5 23. h3 Rb8 24. Qb2 Rfc8 25. Rd2 Na4 26. Qd4 Rc5 27. Kh2 Rcc8 28. Rd1 Nc3 29. Ra1 Nxb5 30. Qb2 Qc7 31. Nxb5 Qc5 32. d4 Qc2 33. Rb1 Qxb2 34. R1xb2 Ne4 35. R4b3 h6 36. h4 g6 37. g4 g5 38. fxg5 hxg5 39. h5 Kg7 40. Kg2 Nf6 41. Kf3 Ne4 42. Ke2 Rc1 43. Kf3 Rf1+ 44. Kg2 Rd1 45. Rc2 Nf6 46. Kf3 Rg1 47. Rg2 Rxg2 48. Kxg2 Nxg4 49. Kg3 Nf6 50. h6+ Kxh6 51. Rb1 Kg6 52. Nc3 Rxb1 53. Nxb1 Kf5 54. Nd2 Ne4+ 0-1